| 000 | 00000nam##2200000za#4500 |
| 001 | 9.590309 |
| 003 | CaOODSP |
| 005 | 20210624200050 |
| 007 | cr ||||||||||| |
| 008 | 150406|2009||||xxc|||||o f|0| 0 eng|d |
| 022 | |a1701-1280 |
| 040 | |aCaOODSP|beng |
| 041 | |aeng |
| 041 | |afre |
| 043 | |an-cn--- |
| 086 | 1 |aFs70-4/2009-041-PDF |
| 110 | 1 |aCanada. |bDepartment of Fisheries and Oceans. |
| 245 | 10|aProceedings for the zonal monitoring workshop on aquatic invasive species : |h[electronic resource]|bOctober 3 and 4, 2006, Canada Center for Inland Waters, Burlington, Ontario / |cMeeting Chairpersons: Becky Cudmore and Scott Millard; Editors: Mary Burridge and Dave Marson. |
| 260 | |aBurlington - Ontario : |bFisheries and Oceans Canada |cMarch 2010. |
| 300 | |a78p.|bmap, references, tables |
| 490 | 1 |aCanadian Science Advisory Secretariat proceedings series|x1701-1280|v2009/041 |
| 590 | |a14-20-Supp|b2014-11-25 |
| 792 | |tCompte rendu de l'atelier de surveillance zonale des espèces aquatiques envahissantes : |efre|w(CaOODSP)9.590310 |
| 830 | #0|aProceedings series (Canadian Science Advisory Secretariat)|x1701-1280|v2009/041|w(CaOODSP)9.500507 |
| 856 | 40|ahttp://publications.gc.ca|qPDF|s364 KB|uhttps://publications.gc.ca/collections/collection_2014/mpo-dfo/Fs70-4-2009-041.pdf|y2009/041 |